| 000 | 00000nas 2200000za 4500 |
| 001 | 9.813993 |
| 003 | CaOODSP |
| 005 | 20221107141656 |
| 007 | cr ||||||||||| |
| 008 | 160330d19531963oncgr p o f000#b0fre|d |
| 022 | |y0317-7556 |
| 040 | |aCaOODSP|bfre |
| 041 | |aeng|afre |
| 043 | |an-cn--- |
| 086 | 1 |aCS81-210-PDF |
| 086 | 1 |aCS81-401-PDF |
| 245 | 00|aSurvey of elementary and secondary education |h[ressource électronique]. |
| 246 | 13|aRelevé de l'enseignement élémentaire et de l'enseignement secondaire|f1956/58 |
| 246 | 13|aRelevé de l'enseignement élémentaire et secondaire|f1959/60-1962/63 |
| 260 | |a[Ottawa] : |bBureau fédéral de la statistique, Division de l'éducation, |c[1952]-1966. |
| 310 | |aAnnuel,|b(1958/59-1962/63) |
| 321 | |aBiennal,|b(1946/48-1956/58) |
| 362 | 0 |a1946/48-1962/63. |
| 500 | |aÉdition numérisée de l’imprimé [par Statistique Canada]. |
| 515 | |aLes livr. de 1950/52 et 1952/54 publiées ensemble. |
| 546 | |aTexte en anglais seulement, 1946/48-1954/56; texte en anglais et en français, 1956/58-1962/63. |
| 550 | |aPublié 1948/50-1962/63, par la Section de l'enseignement élémentaire et de l'enseignement secondaire. |
| 580 | |aPartie de Survey of elementary and secondary education fusionné avec: partie de Relevé de l'enseignement élémentaire et de l'enseignement secondaire; partie de Preliminary statistics of education; et, partie de Survey of higher education, et devient : Survey of education finance, 1954/56. |
| 692 | 07|2gccst|aÉducation |
| 710 | 1 |aCanada.|bBureau fédéral de la statistique.|bDivision de l'éducation. |
| 710 | 1 |aCanada.|bBureau fédéral de la statistique.|bSection de l'enseignement élémentaire et secondaire. |
| 791 | |tSurvey of elementary and secondary education |eeng|w(CaOODSP)9.813990 |